000 00844nam a2200229 a 4500
001 000016413
003 DO-SdBNP
005 20240412142622.0
008 100305s1942 dr 000 0 spa d
040 _aDO-SdBNP
_bspa
_cBNPHU
049 _aBNPD
082 _a341.245
_bC352s
100 1 _aCastillo S. Benigno del
_936582
245 1 0 _aSolidaridad continental americana (de Pearl harbor a la III Reunión de cancilleres de las republicas americanas en Río de Janeiro) /
_cBenigno del Castillo S.
260 _aCiudad Trujillo :
_bLa Nación,
_c1942.
300 _a95 p. ;
_c20 cm.
650 4 _aGuerra mundial
_zAmérica
_936583
_y1939-1945
650 4 _aGuerra mundial
_zRepública Dominicana
_y1939-1945
_912363
730 0 _aEl Nacional (República Dominicana)
_923260
910 _aValidado. Control de calidad EMS
942 _2ddc
_cLBS1
999 _c15948
_d15948